Výchova šťastných vzťahov

Bibliographic Details
Main Author: Považanová, Mariana (Author)
Format: Article
Language:Slovak
PhysicalDescription:Fotografie
ISSN:1337-8899
Subjects:
Online Access:www.versamedia.sk

MARC

LEADER 00000nab a2200000 4500
001 vtls011747220
003 SK-MaSNL
005 20260304023444.0
008 180321|2018 xo |||| ||n ||00 0|slo
015 |a SNBRB2018/03 
040 |e rda 
041 |a slo 
044 |a xo  |c SK 
072 7 |a 17  |x Etika. Morálna filozofia  |2 konspekt 
080 |a 177.6  |2 2011 
100 1 |a Považanová, Mariana  |4 aut  |9 1086650 
245 1 0 |a Výchova šťastných vzťahov  |c Marianna Považanová 
300 |b Fotografie 
336 |a text  |b txt  |2 rdacontent 
337 |a bez média  |b n  |2 rdamedia 
338 |a zväzok  |b nc  |2 rdacarrier 
650 0 7 |a partnerské vzťahy  |2 SNKPH  |9 2250 
773 0 |t Moja psychológia  |g Roč. 10, č. 3 (2018), s. 70-76  |x 1337-8899 
856 4 1 |u www.versamedia.sk 
999 |c 2616521  |d 2618451